Disidentifications = Desidentificados /
Wedi'i Gadw mewn:
| Prif Awdur: | |
|---|---|
| Fformat: | Anhysbys |
| Iaith: | English |
| Cyhoeddwyd: |
Minneapolis :
University of Minnesota Press,
1999.
|
| Pynciau: | |
| Tagiau: |
Ychwanegu Tag
Dim Tagiau, Byddwch y cyntaf i dagio'r cofnod hwn!
|
MARC
| LEADER | 000000000a22000000004500 | ||
|---|---|---|---|
| 001 | 014045 | ||
| 008 | 171207b xxu||||| |||| 00| 0 eng d | ||
| 020 | |a 0816630143 (HC) | ||
| 020 | |a 0816630151 (PB) | ||
| 041 | 0 | |a eng | |
| 082 | 0 | 4 | |a 305.906.64 |b M968d |
| 100 | 1 | |a Muñoz, José Esteban | |
| 245 | 1 | 0 | |a Disidentifications = |b Desidentificados / |c José Esteban Muñoz. |
| 246 | 3 | 1 | |a Desidentificados |
| 260 | 1 | |a Minneapolis : |b University of Minnesota Press, |c 1999. | |
| 300 | |a 227 páginas : |b ilustraciones ; |c 26 cm. | ||
| 500 | |a Colección George Yúdice | ||
| 650 | 4 | |a ESTADOS UNIDOS | |
| 650 | 4 | |a MINORIAS GAY | |
| 650 | 4 | |a HOMOSEXUALIDAD | |
| 650 | 4 | |a HOMOSEXUALES HISPANOAMERICANOS | |
| 650 | 4 | |a CONDICIONES SOCIALES | |
| 942 | |c BK |2 ddc | ||
| 999 | |c 19947 |d 19947 | ||



